000 00693nam a2200205 i 4500
001 165407
003 ES-MaACL
005 20230906213130.0
008 050824s1897 fr | |||||||| ||fre d
040 _aCAM
_bspa
_cCAM
100 1 _aSimonet, Eugène.
_9132755
245 1 0 _aMaçonneries /
_cpar Eugène Simonet.
260 _aParis :
_bP. Vicq-Dunod et cie,
_c1897 (
_eTours :
_fImprimerie Deslis frères)
300 _aVIII, II, 442 p. ;
_c19 cm.
490 1 _aBibliothèque du conducteur de travaux publics
650 4 _aAlbañilería.
_9135545
830 0 _aBibliothèque du conducteur de travaux publics
_9180955
852 _aES-MaACL
_jF-2055
_z-- Enc. piel
999 _c165407
_d165407